Electric machinery and transformers (Record no. 440)

000 -LEADER
fixed length control field 00469nam a2200193 4500
001 - CONTROL NUMBER
control field 440
003 - CONTROL NUMBER IDENTIFIER
control field BD-DhUET
008 - FIXED-LENGTH DATA ELEMENTS--GENERAL INFORMATION
fixed length control field 140721b xxu||||| |||| 00| 0 eng d
020 ## - INTERNATIONAL STANDARD BOOK NUMBER
International Standard Book Number 81203007755
040 ## - CATALOGING SOURCE
Transcribing agency 0
Modifying agency BD-DhUET
082 ## - DEWEY DECIMAL CLASSIFICATION NUMBER
Classification number 623.1042
Item number KOS/1991
100 ## - MAIN ENTRY--PERSONAL NAME
Personal name Kosow, Irving L.
245 ## - TITLE STATEMENT
Title Electric machinery and transformers
250 ## - EDITION STATEMENT
Edition statement 2nd ed.
260 ## - PUBLICATION, DISTRIBUTION, ETC. (IMPRINT)
Place of publication, distribution, etc. New Delhi
Name of publisher, distributor, etc. Prentice-Hall
Date of publication, distribution, etc. 1991
300 ## - PHYSICAL DESCRIPTION
Extent xiv,626p.
650 #0 - SUBJECT ADDED ENTRY--TOPICAL TERM
Topical term or geographic name as entry element Electric machinery
942 ## - ADDED ENTRY ELEMENTS (KOHA)
Koha item type General Book
Holdings
Copy number Koha full call number Withdrawn status Sublocation or collection (holding branch) Location (home branch) Koha date last borrowed Koha date last seen Koha item type Date acquired Lost status Price effective from Piece designation (barcode) Shelving location Source of classification or shelving scheme Damaged status Not for loan Koha issues (times borrowed) Koha normalized classification for sorting
1623.1042/KOS/1991 Central Library, BUETCentral Library, BUET 2014-07-21General Book2014-07-21 2014-07-21103680Circulation section    623_104200000000000_KOS_1991
2623.1042/KOS/1991 Central Library, BUETCentral Library, BUET 2016-12-07General Book2014-07-21 2014-07-21103681Circulation section    623_104200000000000_KOS_1991
3623.1042/KOS/1991 Central Library, BUETCentral Library, BUET2021-12-052021-12-15General Book2014-07-21 2014-07-21103682Circulation section   1623_104200000000000_KOS_1991
4623.1042/KOS/1991 Central Library, BUETCentral Library, BUET 2014-07-21General Book2014-07-21 2014-07-21103683Circulation section    623_104200000000000_KOS_1991
5623.1042/KOS/1991 Central Library, BUETCentral Library, BUET 2014-07-21General Book2014-07-21 2014-07-21103684Circulation section    623_000000000000000_1042KOS199
6623.1042/KOS/1991 Central Library, BUETCentral Library, BUET 2014-07-21General Book2014-07-21 2014-07-21103685Circulation section    623_104200000000000_KOS_1991
7623.1042/KOS/1991 Central Library, BUETCentral Library, BUET 2014-07-21General Book2014-07-21 2014-07-21103686Circulation section    623_104200000000000_KOS_1991
8623.1042/KOS/1991 Central Library, BUETCentral Library, BUET 2016-11-29General Book2014-07-21 2014-07-21103688Circulation section    623_000000000000000_1042KOS199
9623.1042/KOS/1991 Central Library, BUETCentral Library, BUET 2017-03-11General Book2014-07-21 2014-07-21103689Circulation section    623_104200000000000_KOS_1991